HOT TO GO - Chappell Roan (All Lyrics) - Statistics

General Stats
  • This quiz has been taken 2,033 times
  • The average score is 321 of 394
Answer Stats
Answer % Correct
g
99%
H
99%
h
99%
o
99%
t
99%
hot
98%
to
98%
you
98%
You
98%
can
97%
me
97%
go
96%
take
96%
I
94%
a
92%
your
90%
it
88%
do
84%
No
84%
be
83%
it's
83%
It's
83%
and
82%
the
82%
with
82%
When
81%
when
81%
touch
80%
like
79%
this
79%
toes
79%
you're
79%
Baby
78%
baby
78%
in
78%
one
77%
not
76%
so
76%
Who
76%
degrees
75%
hundred
75%
my
75%
but
74%
doing
74%
ninety-nine
74%
Call
73%
call
73%
dance
73%
new
73%
addiction
72%
body
72%
made
72%
pretty
72%
clap
71%
want
71%
beat
70%
could
70%
get
70%
roll
70%
Snap
70%
snap
70%
you'd
70%
I'll
69%
i'll
69%
up
69%
city
68%
don't
68%
girl
66%
hands
66%
head
66%
sleep
65%
all
64%
nonfiction
64%
home
63%
now
63%
world
62%
number
61%
blame
60%
here
60%
i'm
59%
Raise
59%
raise
59%
damn
58%
minute
58%
or
58%
there
58%
at
57%
what's
57%
feelings
56%
for
56%
hurry
55%
hurts
55%
come
54%
Eight
54%
Five
54%
out
54%
Seven
54%
Six
54%
touched
54%
time
53%
try
53%
bring
52%
one's
52%
care
51%
have
51%
staring
49%
ceiling
48%
supper
48%
getting
46%
cab
45%
alone
44%
cold
44%
woke
44%
coming
41%
stare
41%
order
40%
is
39%
anyone
29%
else
29%
whew
29%
woo
29%
okay
20%
well
20%
No matching quizzes found
Score Distribution
Percent of People with Each Score
Percentile by Number Answered
Your Score History
You have not taken this quiz